01799nam a2200409Ia 4500001000700000003000500007008004100012010001100053020001800064040000900082082001400091100002800105245011300133250001100246260003000257300001100287500008800298503009600386650003400482650002400516650002600540650003300566700004300599901001400642902000600656910000900662942000600671942000700677999001900684952009800703952009800801952009800899952009800997952009801095952009801193952009801291Z_2476CHAP220113s1968 xx 000 0 und d a165530 a006-3100-50-9 cCHAP a545.1 A94 aAyres, Gilbert H.99023 aAnálisis químico cuantitativo /cGilbert H. Ayres; traducción y adaptación Santiago Vicente Pérez a2a ed. aMéxico :bHarla,c1968 a740 p. aTraducción de la obra en inglés : Quantitative chemical analysis, 2a ed. 1968. aej.1: s/n \ ej.2: s/n \ ej.3: s/n \ ej.4: 123792 \ ej.5: s/n \ ej.6: 123791 \ ej.7: 123793 aAnalisis cuantitativo9139423 aElectrolisis936240 aGravimetría9139424 aQuímica analítica993582 aVicente Pérez, Santiago, tr.9139425 a545.1 A94 aM a1968 c1 cc1 c165530d165530 00102ddc40708GRALaZbZc1d2005-11-09pz_1750r2022-01-18 00:00:00t1w2022-01-18yLIBRO 00102ddc40708GRALaZbZc1d2005-11-09pz_1751r2022-01-18 00:00:00t2w2022-01-18yLIBRO 00102ddc40708GRALaZbZc1d2005-11-09pz_1752r2022-01-18 00:00:00t3w2022-01-18yLIBRO 00102ddc40708GRALaZbZc1d2005-11-09pz_1753r2022-01-18 00:00:00t4w2022-01-18yLIBRO 00102ddc40708GRALaZbZc1d2005-11-09pz_1754r2022-01-18 00:00:00t5w2022-01-18yLIBRO 00102ddc40708GRALaZbZc1d2005-11-09pz_1755r2022-01-18 00:00:00t6w2022-01-18yLIBRO 00102ddc40708GRALaZbZc1d2005-11-09pz_1767r2022-01-18 00:00:00t7w2022-01-18yLIBRO